000 00639nam a2200169 a 4500
001 000008698
005 20200929161406.0
008 090918s1980 dr 000 0 spa d
040 _aDO-SdBNP
_bspa
_cBNPHU
082 _axxxx
_bC744c
100 1 _aConcepción, J. Agustín
_922539
245 1 0 _aCorografía dominicana :
_b(breve descripción de las principales ciudades del país) /
_cJ. Agustín Concepción ; composición y diagramación Nieves Rodríguez de Polanco.
260 _aLa Vega, República Dominicana :
_bAmigo del Hogar,
_c1980.
300 _a77 p. ;
_c22 cm.
700 1 _aRodríguez de Polanco, Nieves
_923157
049 _aBNPD
999 _c8468
_d8468